| 000 | 00528 a2200169 4500 | ||
|---|---|---|---|
| 003 | OSt | ||
| 005 | 20230919114827.0 | ||
| 008 | 230919b |||||||| |||| 00| 0 eng d | ||
| 020 | _a9781403979940 | ||
| 040 | _coclc | ||
| 082 |
_a371.077 _bMER/C |
||
| 100 | 1 |
_aMerry, Michael S. _99514 |
|
| 245 |
_aCulture, identity, and Islamic schooling : _ba philosophical approach / _cMichael S Merry |
||
| 260 |
_aEngland: _bPalgrave, _c2007. |
||
| 300 | _a228 p | ||
| 942 |
_2ddc _cBK _h371.077 _iMER/C _k371.077 _mMER/C |
||
| 999 |
_c42292 _d42292 |
||